Answers are U.S States - Statistics

General Stats
  • This quiz has been taken 420 times
  • The average score is 32 of 50
Answer Stats
Clue State % Correct
State known for large deserts and casinos Nevada
92%
Hurricane Katrina flooded the largest city in this state Louisiana
87%
This state is known for the Keys Florida
86%
This is the most populous state in the U.S California
84%
First U.S State Delaware
84%
The capital of this state is Boise Idaho
84%
"Toto, i don't think we're" here "anymore" Kansas
84%
Most recent state to be an independent country Hawaii
80%
State famous for Peaches and Peanuts Georgia
79%
Abraham Lincoln lived in this state Illinois
78%
Famous for the Great Salt Lake and Zion National Park Utah
77%
The Bus Boycott occurred in this state Alabama
76%
State with the most Spanish speakers New Mexico
76%
Graceland is located here Tennessee
76%
Least populous state Wyoming
76%
Seceded from another state during the civil war West Virginia
73%
State that produces the most corn Iowa
72%
The northernmost state in the contiguous 48 Minnesota
70%
State on the northern bank of the Rio Grande Texas
70%
The capital of this state is known for racing Indiana
69%
A major city here is known as The Gateway to the West Missouri
68%
Famous for "Cheeseheads Wisconsin
68%
Land of the Midnight Sun Alaska
67%
Southernmost New England state Connecticut
65%
Stephen King lives here Maine
65%
This state's capital is named for the 16th President Nebraska
65%
The Wright Brothers first flew here North Carolina
64%
Largest Tornado Ever occurred here Oklahoma
64%
First state to secede from the union South Carolina
64%
The U.S Naval Academy is here Maryland
62%
Northeastern State that was once an independent country Vermont
62%
Home to Glacier National Park Montana
61%
Home to the Hersey Factory Pennsylvania
60%
This state almost had a war with Ohio Michigan
59%
Home to the largest Native American Reservation in the U.S Arizona
58%
George Washington was born here Virginia
56%
The Beaver State Oregon
55%
State home to Churchill Downs Kentucky
54%
Home of the Rock and Roll Hall of Fame Ohio
54%
State with the confederate flag on its state flag Mississippi
53%
Most densely populated state New Jersey
53%
The hotel that The Shining is based of off is located in this State Colorado
48%
In 1980 the Miracle on Ice happened in this state New York
47%
Home to the Badlands South Dakota
44%
Only mainland U.S state to have a rainforest Washington
44%
Only U.S state with Diamonds Arkansas
42%
The largest city here is Grand Forks North Dakota
39%
Windiest place in the world is on a mountain in this state New Hampshire
36%
Location of Narragansett Bay Rhode Island
34%
State known for cranberries Massachusetts
33%
No matching quizzes found
Score Distribution
Percent of People with Each Score
Percentile by Number Answered
Your Score History
You have not taken this quiz